000 00725nam a2200181Ia 4500
008 100920s9999 xx 000 0 und d
082 _b8962
_a891.43 थ 57
100 _aप्रेमचंद.
245 _aबेंटोवाली विधवा और अन्य कहानियाँ.
260 _bहंस प्रकाशन,इलाहाबाद.
_c1957
300 _a104
_bसाधी
365 _b1
520 _aहिंदी.
630 _aबेंटोवाली विधवा और अन्य कहानियाँ.
650 _aहिंदी.
730 _aबेंटोवाली विधवा और अन्य कहानियाँ.
942 _cBOOK
999 _c676106
_d676103